|
|
|
แสดงรายละเอียดบรรณานุกรม |
|
|
Brief Record
: Get Marc (ISO 2709)
: E-mail record
: |
|
|
| LEADER 01174nam 2200277 a 4500 | |||
| 001 34803 | |||
| 003 ULIBM | |||
| 008 030417s2004 caua sb 001 0 eng | |||
| 020 ^a- | |||
| 082 ^a796.345^bน-ค | |||
| 100 ^aนภพร ทัศนัยนา | |||
| 245 ^aคัมภีร์ผู้ฝึกสอนแบดมินตัน/^cนภพร ทัศนัยนา | |||
| 250 ^aพิมพ์ครั้งที่ 2 | |||
| 260 ^aนครปฐม:^bภาควิชาศึกษาศาสตร์ คณะสังคมศาสตร์,^c2540 | |||
| 300 ^a208 หน้า | |||
| 650 ^aแบดมินตัน | |||
| 913 ^aImported by ULIBM Administrator | |||
| 949 ^aImport form external file by ULIBM system | |||
| คุณยังไม่ได้ล็อกอิน คุณสามารถมีกิจกรรมร่วมกับเว็บไซต์ได้ แต่ต้องล็อกอินก่อน :: |
|
| สถานะ | |||||||||
| 1. | หนังสือ | 796.345 น-ค 2004 Barcode: 060871 | ►หนังสือทั่วไป | On Shelf ขอยืม | |||||
| 2. | หนังสือ | 796.345 น-ค 2004 Barcode: 060872 | ►หนังสือทั่วไป | On Shelf ขอยืม | |||||
| [แสดง 2/2 รายการ] | |||||||||

| รายการใกล้เคียง หัวเรื่อง [แบดมินตัน]
|
BibComment |
| คอมเมนท์ทรัพยากรรายการนี้ |
|
|
ห้องสมุดโรงเรียนสามัคคีวิทยาคม
159 ถ.บรรพปราการ ต.เวียง อ.เมือง จ.เชียงราย 57000
โทร. 053-711018 โทรสาร 053-713003